000 00366nam a22001337a 4500
008 250416b |||||||| |||| 00| 0 eng d
020 _a9783771681
050 _aJF 51
_b.U36
100 _aUjo A. Abdulhameed
245 _aUnderstanding Comparative Public Administration
260 _aKaduna
_bJoyce Graphic Printer & Publishers
_c2008
300 _a177p.
942 _cBK
999 _c3018
_d3018